Los Bandos de Buen Gobierno en la provincia del Paraguay 1778-1811

Сохранить в:
Библиографические подробности
Главный автор: Caballero Campos, Herib (Автор)
Формат:
Язык:испанский
Опубликовано: Asunción Arandura-Fondec 2007
Предметы:
Метки: Добавить метку
Нет меток, Требуется 1-ая метка записи!

MARC

LEADER 00000nam a2200000 a 4500
001 UCI6568
003 CL-VaPUC
008 080516e20070000PY |||||||||||||||||spa|d
020 |a 9789995350277 
082 0 4 |a 340.09892  |b CAB  |2 21 
100 0 |a Caballero Campos, Herib  |e author  |9 529486 
245 1 4 |a Los Bandos de Buen Gobierno en la provincia del Paraguay 1778-1811 
300 |a 149 p 
942 |c BK 
945 |d 20080516 00:00:00  |a rbrito 
260 |a Asunción  |b Arandura-Fondec  |c 2007 
650 7 |a HISTORIA DEL DERECHO PARAGUAYO SIGLOS 18-19  |2 CL-VaPUC  |9 529487 
651 0 |a Paraguay  |9 255336 
583 |a last modification  |c 20080516 00:00:00  |k Rodrigo Vera 
999 |c 330033  |d 330031 
952 |0 0  |1 0  |4 0  |6 340_098920000000000_CAB_2007  |7 0  |8 A  |9 415310  |a BIBHIS  |b BIBHIS  |d 2019-11-22  |i 4439449  |o 340.09892 CAB 2007  |p 4439449  |r 2025-01-20  |w 2019-11-22  |y BK  |k HIS